Normal view
MARC view
- Cholistan Desert (Pakistan)
Entry Geographic Name
001 - CONTROL NUMBER
- control field: 4529
003 - CONTROL NUMBER IDENTIFIER
- control field: NUST
005 - DATE AND TIME OF LATEST TRANSACTION
- control field: 20170911121339.0
008 - FIXED-LENGTH DATA ELEMENTS
- fixed length control field: 170911|| aca||aabn | a|a d
040 ## - CATALOGING SOURCE
- Original cataloging agency: NUST
- Transcribing agency: NUST
151 ## - HEADING--GEOGRAPHIC NAME
- Geographic name: Cholistan Desert (Pakistan)
- General subdivision: Antiquities.
670 ## - SOURCE DATA FOUND
- Source citation: Work cat.: (NUST)0: Naqvi, Dursameen 4527, Cholistan :, 2003
